| 000 | 01247nam a2200325 a 4500 | ||
|---|---|---|---|
| 001 | 000022009 | ||
| 005 | 20200930011537.0 | ||
| 008 | 100915s1982 sp r 000 0 spa d | ||
| 020 | _a842760596X | ||
| 040 |
_aDO-SdBNP _bspa _cBNPHU |
||
| 082 |
_a194 _bH723s |
||
| 100 | 1 |
_aHolbach, Barón D´ _945619 |
|
| 245 | 1 | 0 |
_aSistema de la naturaleza / _cBaron D´Holbach ; edición José Manuel Bermudo ; traducción Nerina Bacín , José Manuel Bermudo , Miguel Estapé , Alín Salom. |
| 260 |
_aMadrid, (España) : _bEditora Nacional, _c1982. |
||
| 300 |
_a629 p. ; _c21 cm. |
||
| 490 | 1 |
_aClásicos para una biblioteca contemporanea. Pensamiento _v16 |
|
| 504 | _aIncluye referencias bibliográficas | ||
| 504 | _aIncluye notas al pie de las páginas. | ||
| 650 | 4 |
_aFilosofía y religión _945620 |
|
| 650 | 4 |
_aNaturalismo _945621 |
|
| 650 | 4 |
_aMaterialismo _945622 |
|
| 650 | 4 |
_aFilosofía clásica _945623 |
|
| 700 | 1 |
_aBermudo, José Manuel, _eed. _945624 |
|
| 700 | 1 |
_aBacín, Nerina, _etr. _945625 |
|
| 700 | 1 |
_aBermudo, José Manuel, _etr. _945624 |
|
| 700 | 1 |
_aEstapé, Miguel, _etr. _945626 |
|
| 700 | 1 |
_aSalom, Alín, _etr. _945627 |
|
| 830 | 0 |
_aClásicos para una biblioteca contemporanea. _pPensamiento; _v16 _918430 |
|
| 049 | _aBNGR | ||
| 999 |
_c21507 _d21507 |
||